Statistics for 1890s Decade Quiz

Click here to take the quiz!

General Stats

  • This quiz has been taken 14,222 times
    (8,250 since last reset)
  • The average score is 11 of 20

Answer Stats

Question Answer % Correct
What sporting event was held for the first time in over 1,600 years?Olympic Games
92%
What character was created by Bram Stoker?Dracula
88%
What Christmas ballet was written by Pyotr Tchaikovsky?The Nutcracker
88%
What style of dance was invented in Argentina and Uruguay?Tango
79%
What nation did the United States declare war on - after the sinking of the USS Maine?Spain
68%
What future President led a group of soldiers called the Rough Riders?Theodore Roosevelt
68%
Who wrote "The Jungle Book"?Rudyard Kipling
66%
What gold rush happened in Canada?Klondike Gold Rush
58%
What writer was convicted of sodomy and sentenced to hard labor?Oscar Wilde
54%
To what Pacific island did Paul Gauguin move?Tahiti
51%
What nickname has been given to the decade?{Gay} Nineties
50%
What type of radiation was discovered by Wilhelm Röntgen?X-Rays
49%
What famous hotel in Paris opened? ( The only reason not to stay there was if
you couldn't afford it )
Hôtel Ritz
45%
What woman was accused of killing her parents with an axe?Lizzie Borden
44%
What was the French term for a impoverished, unconventional, artistic person?Bohémien
42%
What crime was Alfred Dreyfus accused of committing?Espionage
42%
What style of sensationist journalism was practiced by William Randolph Hearst?{Yellow} Journalism
41%
What term referred to a wealthy American industrialist?{Robber} Baron
39%
What type of baskets were originally used in basketball?{Peach} Baskets
37%
What composer wrote his most famous march, "The Stars and Stripes Forever"?John Philip Sousa
34%

Score Distribution

Percentile by Number Answered

Percent of People with Each Score

Your Score History

You have not taken this quiz since the last reset